[Event "IECC Swiss-513"]
[Site "IECC email"]
[Date "2008.02.02"]
[Round "?"]
[White "Rosenstein, David"]
[Black "Svenonius, Gerald"]
[Result "1-0"]
[WhiteElo "1588"]
[BlackElo "1001"]
[PlyCount "51"]
[EventDate "2008.??.??"]
[EventType "match (corr)"]
[SourceTitle "Corr 2013"]
[Source "ChessBase"]
[SourceDate "2012.11.12"]
[SourceVersion "1"]
[SourceVersionDate "2012.11.12"]
[SourceQuality "1"]
[WhiteTeam "US of America"]
[BlackTeam "Australia"]
[WhiteTeamCountry "USA"]
[BlackTeamCountry "AUS"]

1. b3 Nf6 2. Bb2 g6 3. d3 Bg7 4. e4 d6 5. h3 0-0 6. Nc3 Nbd7 7. Nf3 c5 8. a4 a5 9. Be2 b6 10. 0-0 Bb7 11. Nb5 Ba6 12. Ra2 Bxb5 13. axb5 Re8 14. Nd2 e6 15. f4 Re7 16. Bf3 e5 17. Nc4 exf4 18. Nxd6 g5 19. Nf5 Re6 20. Nxg7 Kxg7 21. Bg4 Re7 22. Bxd7 Qxd7 23. Qh5 Kf8 24. Qh6+ Ke8 25. Qxf6 g4 26. Qh8# 1-0

[Event "IECC KO-1062"]
[Site "IECC email"]
[Date "2006.11.06"]
[Round "?"]
[White "Svenonius, Gerald"]
[Black "Venturas, Bob"]
[Result "0-1"]
[WhiteElo "1057"]
[BlackElo "1091"]
[PlyCount "46"]
[EventDate "2006.??.??"]
[EventType "match (corr)"]
[EventRounds "2"]
[SourceTitle "Corr 2008"]
[Source "ChessBase"]
[SourceDate "2008.06.24"]
[SourceVersion "1"]
[SourceVersionDate "2008.06.24"]
[SourceQuality "1"]

1. Nf3 Nf6 2. g3 e6 3. Bg2 d5 4. 0-0 Bd7 5. d3 h6 6. Nbd2 Nc6 7. e4 d4 8. e5 Ng4 9. Re1 Be7 10. h3 f5 11. hxg4 fxg4 12. Nh2 h5 13. f3 0-0 14. fxg4 h4 15. gxh4 Bxh4 16. Re4 Bf2+ 17. Kf1 Qh4 18. Ndf3 Qg3 19. Qe2 Be3 20. Bxe3 dxe3 21. Rxe3 Nd4 22. Qf2 Qxf2+ 23. Kxf2 Nxc2 0-1

[Event "IECC M-5507"]
[Site "IECC email"]
[Date "2006.07.01"]
[Round "?"]
[White "Svenonius, Gerald"]
[Black "Stewart, Eric"]
[Result "1-0"]
[WhiteElo "1037"]
[BlackElo "990"]
[PlyCount "47"]
[EventDate "2006.??.??"]
[EventType "tourn (corr)"]
[EventRounds "10"]
[SourceTitle "Corr 2020"]
[Source "ChessBase"]
[SourceDate "2019.09.30"]
[SourceVersion "1"]
[SourceVersionDate "2019.09.30"]
[SourceQuality "1"]
[WhiteTeam "United States"]
[BlackTeam "United States"]
[WhiteTeamCountry "USA"]
[BlackTeamCountry "USA"]

1. b4 Nc6 2. b5 Nd4 3. a4 b6 4. Bb2 e5 5. Nf3 Bc5 6. g3 Qf6 7. Bg2 d5 8. 0-0 Bf5 9. d3 e4 10. dxe4 dxe4 11. Nxd4 0-0-0 12. e3 Nh6 13. f3 exf3 14. Bxf3 Bxc2 15. Qxc2 Bxd4 16. exd4 Rxd4 17. Bxd4 Qxd4+ 18. Qf2 Qxa1 19. Qc2 Rd8 20. Nc3 Qa3 21. Bc6 Rd4 22. Re1 Nf5 23. Qxf5+ Kd8 24. Re8# 1-0

[Event "IECC O-2389"]
[Site "IECC email"]
[Date "2006.04.25"]
[Round "?"]
[White "Svenonius, Gerald"]
[Black "MacDonald, Murdo"]
[Result "1-0"]
[WhiteElo "1018"]
[BlackElo "1190"]
[PlyCount "95"]
[EventDate "2006.??.??"]
[EventType "swiss (corr)"]
[EventRounds "2"]
[SourceTitle "Corr 2020"]
[Source "ChessBase"]
[SourceDate "2019.09.30"]
[SourceVersion "1"]
[SourceVersionDate "2019.09.30"]
[SourceQuality "1"]
[WhiteTeam "United States"]
[BlackTeam "Scotland"]
[WhiteTeamCountry "USA"]
[BlackTeamCountry "SCO"]

1. Nf3 d5 2. g3 Bg4 3. Bg2 Nc6 4. h3 Bh5 5. g4 Bg6 6. d3 Nf6 7. Bf4 e6 8. 0-0 Bc5 9. d4 Bb6 10. e3 Qe7 11. Nbd2 0-0-0 12. Qe2 Qb4 13. Nb3 Na5 14. Ne5 Nc4 15. Nxc4 dxc4 16. c3 Qb5 17. Nc1 Bd3 18. Nxd3 cxd3 19. Qd2 Nd5 20. Bg3 h5 21. Be4 hxg4 22. Bxd3 Qd7 23. hxg4 Qe7 24. Kg2 Qg5 25. f4 Qh6 26. Kf3 Rdg8 27. Rh1 Qf6 28. g5 Qe7 29. Qg2 f6 30. g6 f5 31. Rxh8 Rxh8 32. Rh1 Rxh1 33. Qxh1 Kd7 34. Bh4 Qd6 35. Bg5 c5 36. Qh7 Qf8 37. a3 cxd4 38. cxd4 a5 39. b3 Nc3 40. a4 Nd5 41. Bb5+ Kc8 42. Ke2 Nc3+ 43. Kd3 Kc7 44. Kxc3 Qb4+ 45. Kb2 Qd2+ 46. Ka3 Qc3 47. Qxg7+ Kd6 48. Qe5# 1-0

[Event "IECC O-2220"]
[Site "IECC email"]
[Date "2005.06.10"]
[Round "?"]
[White "MacDonald, Murdo"]
[Black "Svenonius, Gerald"]
[Result "1-0"]
[WhiteElo "1215"]
[BlackElo "1094"]
[PlyCount "89"]
[EventDate "2005.??.??"]
[EventType "swiss (corr)"]
[EventRounds "2"]
[SourceTitle "Corr 2020"]
[Source "ChessBase"]
[SourceDate "2019.09.30"]
[SourceVersion "1"]
[SourceVersionDate "2019.09.30"]
[SourceQuality "1"]
[WhiteTeam "Scotland"]
[BlackTeam "United States"]
[WhiteTeamCountry "SCO"]
[BlackTeamCountry "USA"]

1. e4 d6 2. d4 Nf6 3. Nc3 g6 4. Bc4 e6 5. Nf3 Bg7 6. Bg5 h6 7. Bh4 g5 8. Nxg5 Qd7 9. Nf3 b6 10. Qe2 Bb7 11. 0-0 Nc6 12. d5 Na5 13. Rad1 0-0-0 14. Nb5 Nxc4 15. Qxc4 Ba6 16. Nxa7+ Kb7 17. Qd4 Bxf1 18. Kxf1 e5 19. Qc3 Kxa7 20. Nd2 Qb5+ 21. Nc4 Ra8 22. Ra1 Nxe4 23. Qd3 f5 24. a4 Qd7 25. Qa3 Kb7 26. a5 Ra6 27. b4 Qb5 28. Qd3 Qxb4 29. f3 Nc5 30. Qe2 e4 31. Be1 Qb5 32. Nxd6+ cxd6 33. Qxb5 Bxa1 34. Qc6+ Ka7 35. Qxd6 Nb7 36. Qa3 Bd4 37. fxe4 fxe4 38. Bb4 bxa5 39. Bc3 Bxc3 40. Qxc3 Rd8 41. Qd4+ Ka8 42. c4 a4 43. c5 a3 44. Qc4 a2 45. Qxa6+ 1-0

[Event "IECC CL6-2004.17 email"]
[Site "IECC email"]
[Date "2004.08.14"]
[Round "?"]
[White "Nicolaescu, Nicolae"]
[Black "Svenonius, Gerald"]
[Result "1-0"]
[WhiteElo "1332"]
[BlackElo "1237"]
[PlyCount "59"]
[EventDate "2004.??.??"]
[EventType "tourn (corr)"]
[EventRounds "4"]
[SourceTitle "Corr 2008"]
[Source "ChessBase"]
[SourceDate "2008.06.24"]
[SourceVersion "1"]
[SourceVersionDate "2008.06.24"]
[SourceQuality "1"]

1. e4 d6 2. d4 Nf6 3. Nc3 g6 4. f4 Bg7 5. Nf3 0-0 6. Bd3 Na6 7. 0-0 c5 8. d5 Rb8 9. Qe2 Nb4 10. Bc4 e6 11. a3 exd5 12. axb4 dxc4 13. bxc5 b5 14. cxd6 Qxd6 15. e5 Qc5+ 16. Be3 Qc6 17. exf6 Bxf6 18. Bxa7 Ra8 19. Bd4 Rxa1 20. Rxa1 Re8 21. Qf2 Bd7 22. Bxf6 Qxf6 23. Ne5 Bc6 24. Ra6 Re6 25. Rxc6 Rxc6 26. Nxc6 Qxc6 27. Qd4 Qe8 28. Kf2 f5 29. Qd5+ Kg7 30. Nxb5 1-0